000 00764nam a2200205Ia 4500
003 GCL
005 20240530103548.0
008 140319s9999 xx 000 0 ara d
040 _aGCL /
_cGCL
082 0 4 _a415.1
_bم ش
100 1 _4هشام الانصارى
245 1 0 _a شرح قطر الندى وبل الصدى ومعه كتاب سبيل الهدى بتحقيق شرح قطر الندى /
_cهشام الانصارى ؛ تاليف محمد محى الدين عبدالحميد
260 _a[ القاهرة ] :
_bدار الثقافة العربية
_cد ت
300 _a352 ص
_b24 سم
650 0 4 _aالادب العربى
650 0 4 _aالقصص العربية
650 0 4 _aالقصة العربية
650 0 4 _aنقد
942 _2ddc
_cBK
999 _c40686
_d40686